=LDR 00000nam 2200000 4500 =001 INLIS000000000024031 =005 20130612122638 =008 ***********************************Ind** =035 ##$$0010-061300000024031 =041 ##$$a Ind =082 ##$$a 953.8 =090 ##$$a 953.8, Lac k =100 ##$$a Lacey, Robert =245 ##$$a Kerajaan petrodolar saudi arabia, Robert Lacey =260 ##$$a 1986 $b Jakarta =300 ##$$a 663 hlm, ilus, 19 cm =650 ##$$a Saudi arabia - sejarah =850 ##$$a NBPNMAT